[Event "Condino op 13th"]
[Site "Condino"]
[Date "2013.07.21"]
[Round "1"]
[White "Briand, Nicolas"]
[Black "Barucco, Mattia"]
[Result "0-1"]
[WhiteElo "1560"]
[BlackElo "2000"]
[PlyCount "90"]
[EventDate "2013.07.21"]
[EventType "swiss"]
[EventRounds "7"]
[EventCountry "ITA"]
[SourceTitle "EXT 2015"]
[Source "ChessBase"]
[SourceDate "2014.11.20"]
[SourceVersion "1"]
[SourceVersionDate "2014.11.20"]
[SourceQuality "1"]

1. d4 Nf6 2. Nf3 g6 3. c4 Bg7 4. Nc3 0-0 5. g3 c6 6. Bg2 d6 7. Bg5 Nbd7 8. Qd2 Re8 9. 0-0-0 Qa5 10. Kb1 Rb8 11. Nd5 Qa4 12. Qb4 Qxb4 13. Nxb4 Nb6 14. c5 Bf5+ 15. Ka1 dxc5 16. dxc5 Na4 17. Be3 Ng4 18. Bd4 e5 19. h3 exd4 20. hxg4 Be4 21. Rhg1 Nxc5 22. Nxd4 Bxg2 23. Rxg2 Bxd4 24. Rxd4 Rxe2 25. Kb1 Rbe8 26. Nc2 a5 27. Rf4 Rd8 28. Rg1 Rdd2 29. Rc4 Nd3 30. f4 Rg2 31. Rf1 Rxg3 32. f5 Rf3 33. Rg1 Rdf2 34. a3 Rf1+ 35. Rxf1 Rxf1+ 36. Ka2 gxf5 37. gxf5 Rxf5 38. Ne3 Rf2 39. Rg4+ Kf8 40. Nc4 a4 41. Rd4 Nc1+ 42. Kb1 Nb3 43. Rd7 Rf1+ 44. Kc2 Rc1+ 45. Kd3 Rd1+ 0-1

[Event "Marseille op 4th"]
[Site "Marseille"]
[Date "2011.12.28"]
[Round "6"]
[White "Nerino Escoubet, Nicolas"]
[Black "Briand, Nicolas"]
[Result "0-1"]
[WhiteElo "1679"]
[BlackElo "1538"]
[PlyCount "53"]
[EventDate "2011.12.26"]
[EventType "swiss"]
[EventRounds "9"]
[EventCountry "FRA"]
[SourceTitle "CBM 146 Extra"]
[Source "ChessBase"]
[SourceDate "2012.02.29"]
[SourceVersion "1"]
[SourceVersionDate "2012.02.29"]
[SourceQuality "1"]

1. e4 e5 2. d4 exd4 3. Qxd4 Nc6 4. Qe3 d6 5. Nc3 Nf6 6. h3 Be7 7. Bd2 0-0 8. 0-0-0 Be6 9. f4 d5 10. Nxd5 Nxd5 11. exd5 Qxd5 12. b3 Ba3+ 13. Kb1 Qh5 14. Be2 Qg6 15. g4 Qf6 16. Bc3 Qe7 17. Nf3 Rad8 18. Qf2 f5 19. gxf5 Bxf5 20. Rde1 Kh8 21. Bc4 Qd7 22. Ng5 Nd4 23. Nf7+ Rxf7 24. Bxf7 Nxc2 25. Re8+ Rxe8 26. Bxe8 Ne1+ 27. Ka1 0-1